| 000 | 00487nam a2200193Ia 4500 | ||
|---|---|---|---|
| 999 |
_c98678 _d98678 |
||
| 003 | 0100 | ||
| 005 | 20170404111022.0 | ||
| 008 | 130307s9999 xx 000 0 und d | ||
| 040 | _cARRUPELIB | ||
| 050 | _aBX4700.S65B5 1958 | ||
| 100 |
_aBlanton, Margaret Gray _929627 |
||
| 245 | 4 | _aThe miracle of Bernadette | |
| 245 | _bfirst published as 'Bernadette of Lourdes' | ||
| 260 | _aEbglewood Cliffs, N. J. | ||
| 260 | _bPrentice-Hall | ||
| 260 | _c1958 | ||
| 300 | _a288p. | ||
| 300 | _b22cm | ||
| 600 |
_aBernadette Soubirous, St. _929610 |
||
| 942 |
_2lcc _cMONOGRAPH |
||